Normal view
MARC view
- Rogers, Gordon Mayhew, Yon
Entry Personal Name
001 - CONTROL NUMBER
- control field: 56405
003 - CONTROL NUMBER IDENTIFIER
- control field: NUST
005 - DATE AND TIME OF LATEST TRANSACTION
- control field: 20210628201710.0
008 - FIXED-LENGTH DATA ELEMENTS
- fixed length control field: 210628|| aca||aabn | a|a d
040 ## - CATALOGING SOURCE
- Original cataloging agency: NUST
- Transcribing agency: NUST
100 ## - HEADING--PERSONAL NAME
- Personal name: Rogers, Gordon Mayhew, Yon
670 ## - SOURCE DATA FOUND
- Source citation: Work cat.: (NUST): Rogers, Gordon Mayhew, Yon, Engineering thermodynamics work and heat transfer, 2000
